[Event "EOC-ch-Final 2021"]
[Site "Online"]
[Date "2021.03.30"]
[Round "7.8"]
[White "Shimanov, Aleksandr"]
[Black "Kramer, Julian"]
[Result "1-0"]
[WhiteElo "2597"]
[BlackElo "2419"]
[PlyCount "93"]
[EventDate "2021.03.30"]
[EventType "team-tourn"]
[EventCountry "NET"]
[SourceTitle "playchess.com"]
[Source "ChessBase"]
[SourceQuality "1"]

1. Nf3 Nf6 2. g3 g6 3. b3 Bg7 4. Bb2 O-O 5. Bg2 b6 6. Ne5 c6 7. d4 Bb7 8. c4 d6
9. Nf3 d5 10. O-O Ne4 11. Nbd2 Nxd2 12. Qxd2 Nd7 13. Rac1 e6 14. Ba3 Re8 15.
Rfd1 a5 16. Qc2 Qb8 17. e3 a4 18. b4 Rc8 19. Bb2 b5 20. c5 e5 21. dxe5 a3 22.
Ba1 Nxe5 23. Bxe5 Bxe5 24. Nxe5 Qxe5 25. e4 Qb2 26. exd5 cxd5 27. Qd2 Qxd2 28.
Rxd2 Ra4 29. Rd4 Bc6 30. Re1 Kf8 31. Bf3 Re8 32. Kf1 Re6 33. Re3 Ke7 34. Ke2 f6
35. Kd2 Re5 36. Bd1 Ra7 37. Bc2 Ke6 38. Rdd3 Rxe3 39. Rxe3+ Kf7 40. Kc3 Re7 41.
Kd4 Ra7 42. Bb3 Ra8 43. Bxd5+ Bxd5 44. Kxd5 Ra4 45. Rb3 Ra6 46. c6 Ke7 47. Kc5
1-0

[Event "EOC-ch-Final 2021"]
[Site "Online"]
[Date "2021.03.30"]
[Round "7.9"]
[White "Artemiev, Vladislav"]
[Black "Goryachkina, Aleksandra"]
[Result "1-0"]
[WhiteElo "2709"]
[BlackElo "2593"]
[PlyCount "85"]
[EventDate "2021.03.30"]
[EventType "team-tourn"]
[EventCountry "NET"]
[SourceTitle "playchess.com"]
[Source "ChessBase"]
[SourceQuality "1"]

1. d4 d5 2. Nf3 Nf6 3. Bg5 Ne4 4. Bf4 c5 5. e3 Nc6 6. Be2 Bg4 7. h3 Bxf3 8.
Bxf3 cxd4 9. exd4 e6 10. Bxe4 dxe4 11. c3 Bd6 12. Qg4 Bxf4 13. Qxf4 Qb6 14. Nd2
Qxb2 15. O-O O-O 16. Nxe4 Qa3 17. Rab1 Qe7 18. Rb5 Rad8 19. a4 Rd5 20. Re1 Rfd8
21. Re3 a6 22. Rxd5 Rxd5 23. Rg3 f5 24. Nc5 b6 25. Nxa6 Ra5 26. Nc7 Ra7 27. Nb5
Rxa4 28. Re3 h6 29. Qc7 Qxc7 30. Nxc7 Nd8 31. d5 Rc4 32. dxe6 Nc6 33. e7 Nxe7
34. Rxe7 Rxc3 35. Ne6 g5 36. Rg7+ Kh8 37. Rb7 Rc1+ 38. Kh2 Rc2 39. f3 Rc6 40.
Rb8+ Kh7 41. Nf8+ Kg7 42. Nd7 h5 43. Rxb6 1-0

[Event "EOC-ch-Final 2021"]
[Site "Online"]
[Date "2021.03.30"]
[Round "7.10"]
[White "Cramling, Pia"]
[Black "Kamsky, Gata"]
[Result "1/2-1/2"]
[WhiteElo "2459"]
[BlackElo "2665"]
[PlyCount "77"]
[EventDate "2021.03.30"]
[EventType "team-tourn"]
[EventCountry "NET"]
[SourceTitle "playchess.com"]
[Source "ChessBase"]
[SourceQuality "1"]

1. d4 d5 2. c4 c6 3. Nf3 Nf6 4. Nc3 a6 5. a4 e6 6. Bg5 a5 7. e3 Na6 8. Be2 Be7
9. O-O O-O 10. Qb1 Nb4 11. e4 dxe4 12. Nxe4 b6 13. Nxf6+ Bxf6 14. Bxf6 Qxf6 15.
Qe4 Bb7 16. Ne5 Rfd8 17. Rac1 Ba6 18. Rfd1 Rac8 19. c5 Bxe2 20. Qxe2 bxc5 21.
Rxc5 Rd5 22. g3 h6 23. Kg2 Rcd8 24. Qc4 Rxc5 25. Qxc5 Rd5 26. Qb6 Kh7 27. Qc7
c5 28. Qxa5 cxd4 29. Qxb4 Qxe5 30. Qc4 Qe4+ 31. f3 Rc5 32. Rxd4 Rxc4 33. Rxe4
Rc2+ 34. Kf1 Rxb2 35. Re2 Rb1+ 36. Re1 Rb2 37. Re2 Rb1+ 38. Re1 Rb2 39. Re2
1/2-1/2

[Event "EOC-ch-Final 2021"]
[Site "Online"]
[Date "2021.03.30"]
[Round "7.11"]
[White "Timofeev, Artyom"]
[Black "Paehtz, Elisabeth"]
[Result "1/2-1/2"]
[WhiteElo "2594"]
[BlackElo "2467"]
[PlyCount "79"]
[EventDate "2021.03.30"]
[EventType "team-tourn"]
[EventCountry "NET"]
[SourceTitle "playchess.com"]
[Source "ChessBase"]
[SourceQuality "1"]

1. e4 c5 2. Nf3 d6 3. Bc4 e6 4. O-O a6 5. Re1 Nc6 6. c3 Ne5 7. Be2 Nxf3+ 8.
Bxf3 Qc7 9. d4 e5 10. Na3 Be6 11. Nc2 Be7 12. Bg4 Nf6 13. Bxe6 fxe6 14. dxe5
dxe5 15. Ne3 c4 16. Ng4 Nd7 17. b3 cxb3 18. Qxb3 Nc5 19. Qc2 O-O-O 20. Ne3 Nd3
21. Rd1 Nf4 22. g3 Rxd1+ 23. Nxd1 Nh5 24. Be3 Nf6 25. f3 Rd8 26. Nf2 Bc5 27.
Qe2 Nd7 28. Kg2 Nb6 29. Rd1 Bxe3 30. Rxd8+ Kxd8 31. Qxe3 Nc4 32. Qd3+ Ke7 33.
h4 Qc5 34. h5 h6 35. Ng4 b5 36. Qe2 Kd6 37. Qd3+ Ke7 38. Qe2 Kd6 39. Qd3+ Ke7
40. Qe2 1/2-1/2

[Event "EOC-ch-Final 2021"]
[Site "Online"]
[Date "2021.03.30"]
[Round "7.12"]
[White "Skripchenko, Almira"]
[Black "Sharafiev, Azat"]
[Result "1/2-1/2"]
[WhiteElo "2418"]
[BlackElo "2432"]
[PlyCount "76"]
[EventDate "2021.03.30"]
[EventType "team-tourn"]
[EventCountry "NET"]
[SourceTitle "playchess.com"]
[Source "ChessBase"]
[SourceQuality "1"]

1. e4 e5 2. Nf3 Nc6 3. Nc3 Nf6 4. d4 exd4 5. Nxd4 Bb4 6. Nxc6 bxc6 7. Bd3 O-O
8. O-O d5 9. exd5 cxd5 10. h3 c6 11. Qf3 Bd6 12. Re1 Rb8 13. b3 Re8 14. Rxe8+
Qxe8 15. Bf4 Qe7 16. Bxd6 Qxd6 17. Re1 Bd7 18. Kf1 c5 19. Kg1 a5 20. Bf5 Bc6
21. Rd1 Qe5 22. Bd3 g6 23. Ne2 a4 24. Qf4 Qxf4 25. Nxf4 Re8 26. Ne2 Kg7 27. Kf1
Ne4 28. f3 Nd6 29. Kf2 Kf6 30. Nc3 axb3 31. axb3 Ra8 32. Re1 h6 33. h4 g5 34.
h5 Ra3 35. Rd1 Ke5 36. Re1+ Kf6 37. Rd1 Ke5 38. Re1+ Kf6 1/2-1/2

[Event "EOC-ch-Final 2021"]
[Site "Online"]
[Date "2021.03.30"]
[Round "7.13"]
[White "Howell, David W L"]
[Black "Van Foreest, Jorden"]
[Result "1/2-1/2"]
[WhiteElo "2658"]
[BlackElo "2671"]
[PlyCount "60"]
[EventDate "2021.03.30"]
[EventType "team-tourn"]
[EventCountry "NET"]
[SourceTitle "playchess.com"]
[Source "ChessBase"]
[SourceQuality "1"]

1. Nf3 d5 2. g3 b6 3. Bg2 Bb7 4. O-O e6 5. c4 Nf6 6. cxd5 exd5 7. d4 Be7 8. Nc3
O-O 9. Bf4 Na6 10. Rc1 c5 11. Qa4 Re8 12. Rfd1 h6 13. dxc5 Nxc5 14. Qc2 Rc8 15.
Be5 Qd7 16. Bd4 Qe6 17. Bxf6 Bxf6 18. Nd4 Qe5 19. e3 Ne4 20. Qd3 Rc5 21. Nb3
Rc7 22. Nxd5 Rxc1 23. Nxc1 Bxd5 24. Qxd5 Qxd5 25. Rxd5 Bxb2 26. Nd3 Bf6 27. Rd7
a5 28. Rb7 Nc3 29. Rxb6 Nxa2 30. Ra6 Nb4 1/2-1/2

[Event "EOC-ch-Final 2021"]
[Site "Online"]
[Date "2021.03.30"]
[Round "7.14"]
[White "Maghsoodloo, Parham"]
[Black "McShane, Luke J"]
[Result "1-0"]
[WhiteElo "2676"]
[BlackElo "2674"]
[PlyCount "127"]
[EventDate "2021.03.30"]
[EventType "team-tourn"]
[EventCountry "NET"]
[SourceTitle "playchess.com"]
[Source "ChessBase"]
[SourceQuality "1"]

1. d4 Nf6 2. c4 g6 3. Nc3 Bg7 4. e4 d6 5. Be2 O-O 6. Bg5 Na6 7. Nf3 c6 8. O-O
Rb8 9. Re1 Nc7 10. d5 Bg4 11. Nd4 Bd7 12. a4 a5 13. f4 e5 14. fxe5 dxe5 15. Nb3
b6 16. Qd2 Nce8 17. dxc6 Bxc6 18. Qxd8 Rxd8 19. c5 bxc5 20. Nxa5 Ba8 21. Bb5
Nc7 22. Rf1 Rd6 23. Nc4 Re6 24. Bxf6 Bxf6 25. Rad1 Bg5 26. Rd7 Na6 27. Nd6 Re7
28. Rxe7 Bxe7 29. Nxf7 Nb4 30. Nxe5 Bf6 31. Nf3 Rd8 32. e5 Be7 33. Rd1 g5 34.
h3 h5 35. a5 Kf7 36. Rxd8 Bxd8 37. a6 Ke6 38. Bc4+ Kf5 39. e6 g4 40. hxg4+ hxg4
41. Nd2 Ke5 42. Nb3 Be7 43. Kf2 Kd6 44. Kg3 Kc7 45. Kxg4 Bxg2 46. Kf5 Bc6 47.
Ne4 Kb6 48. Nf6 Nxa6 49. Ng8 Bd6 50. e7 Nc7 51. Nd2 Ne8 52. Bf7 Bd7+ 53. Kg6
Bf4 54. Ne4 Be5 55. b3 Nc7 56. Ngf6 Bb5 57. Kf5 Bd4 58. Nd6 Bd3+ 59. Kg5 Kc6
60. Nde8 Nb5 61. Bd5+ Kb6 62. Bc4 Bc2 63. Bxb5 Bxb3 64. Nd6 1-0

[Event "EOC-ch-Final 2021"]
[Site "Online"]
[Date "2021.03.30"]
[Round "7.15"]
[White "Jones, Gawain C B"]
[Black "Amin, Bassem"]
[Result "1/2-1/2"]
[WhiteElo "2670"]
[BlackElo "2695"]
[PlyCount "90"]
[EventDate "2021.03.30"]
[EventType "team-tourn"]
[EventCountry "NET"]
[SourceTitle "playchess.com"]
[Source "ChessBase"]
[SourceQuality "1"]

1. e4 e5 2. Nf3 Nc6 3. Bc4 Bc5 4. c3 Nf6 5. d4 exd4 6. e5 d5 7. Bb5 Ne4 8. cxd4
Bb6 9. Nc3 O-O 10. Be3 Bg4 11. h3 Bh5 12. Qc2 Nxc3 13. bxc3 f6 14. exf6 Qxf6
15. Be2 Rae8 16. O-O Na5 17. Ne5 Bxe2 18. Qxe2 Qe6 19. a4 c6 20. Rae1 Nc4 21.
f4 Bc7 22. Qg4 Qxg4 23. hxg4 Ba5 24. Nxc4 dxc4 25. Bd2 Kf7 26. Kf2 Rxe1 27.
Rxe1 Re8 28. Rxe8 Kxe8 29. Ke3 Kd7 30. Ke4 Kd6 31. f5 h6 32. Bf4+ Ke7 33. g5
Bxc3 34. gxh6 gxh6 35. Bxh6 b5 36. axb5 cxb5 37. Kd5 a5 38. Kc5 Bb2 39. Kxb5 c3
40. Kxa5 c2 41. Kb4 Kd6 42. Kc4 c1=Q+ 43. Bxc1 Bxc1 44. f6 Bg5 45. f7 Ke7
1/2-1/2

[Event "EOC-ch-Final 2021"]
[Site "Online"]
[Date "2021.03.30"]
[Round "7.16"]
[White "Van Wely, Loek"]
[Black "Cheparinov, Ivan"]
[Result "0-1"]
[WhiteElo "2620"]
[BlackElo "2667"]
[PlyCount "74"]
[EventDate "2021.03.30"]
[EventType "team-tourn"]
[EventCountry "NET"]
[SourceTitle "playchess.com"]
[Source "ChessBase"]
[SourceQuality "1"]

1. d4 Nf6 2. c4 g6 3. Nc3 d5 4. Nf3 Bg7 5. cxd5 Nxd5 6. Bg5 c5 7. Rc1 Nxc3 8.
bxc3 O-O 9. Qd2 b6 10. e4 cxd4 11. cxd4 Bb7 12. d5 Na6 13. Bc4 Nc5 14. Qe3 Qd7
15. O-O e6 16. dxe6 Nxe6 17. Rfd1 Qe8 18. Bh4 Nc5 19. e5 Rc8 20. Re1 Qd7 21. h3
Rfe8 22. Bg3 h6 23. Rcd1 Qe7 24. Bb5 Red8 25. h4 Ne4 26. Rxd8+ Rxd8 27. Bf4 Qc5
28. a4 Qxe3 29. Bxe3 Nc3 30. Bf1 Nxa4 31. Ra1 Bc6 32. Nd4 Be8 33. Nb5 Bxb5 34.
Bxb5 Nc3 35. Bc4 Bxe5 36. Bxh6 Ne2+ 37. Bxe2 Bxa1 0-1

[Event "EOC-ch-Final 2021"]
[Site "Online"]
[Date "2021.03.30"]
[Round "7.17"]
[White "Vidit, Santosh Gujrathi"]
[Black "Mamedyarov, Shakhriyar"]
[Result "1/2-1/2"]
[WhiteElo "2726"]
[BlackElo "2770"]
[PlyCount "107"]
[EventDate "2021.03.30"]
[EventType "team-tourn"]
[EventCountry "NET"]
[SourceTitle "playchess.com"]
[Source "ChessBase"]
[SourceQuality "1"]

1. d4 Nf6 2. c4 e6 3. Nf3 d5 4. Nc3 a6 5. cxd5 exd5 6. Bg5 Be6 7. Bxf6 Qxf6 8.
Qb3 b5 9. a4 b4 10. Nxd5 Qd8 11. e4 c6 12. Qe3 cxd5 13. exd5 Qxd5 14. Rc1 Be7
15. Bd3 Qd7 16. Be4 Ra7 17. d5 Bxd5 18. Rd1 O-O 19. Rxd5 Qe6 20. Re5 Qd7 21.
O-O Bf6 22. Rd5 Qe7 23. Re1 g6 24. Qf4 Re8 25. Re3 Bxb2 26. Bxg6 hxg6 27. Rxe7
Raxe7 28. g3 Bc3 29. Qc4 Nd7 30. Rd6 Kg7 31. Rxa6 Rb8 32. Ra5 Nf6 33. Rb5 Rd8
34. a5 Re4 35. Qc6 Re6 36. Qc4 Re4 37. Qf1 Rde8 38. a6 Re2 39. Rb7 Be1 40. a7
Bxf2+ 41. Qxf2 Rxf2 42. Kxf2 Ra8 43. Ne5 Ne4+ 44. Ke3 Nd6 45. Rd7 Kf6 46. Rxd6+
Kxe5 47. Ra6 Kd5 48. Kd3 Kc5 49. Ra1 Kb6 50. Kc4 Rxa7 51. Rxa7 Kxa7 52. Kxb4
Kb6 53. Kc4 Kc6 54. Kd4 1/2-1/2

[Event "EOC-ch-Final 2021"]
[Site "Online"]
[Date "2021.03.30"]
[Round "7.18"]
[White "Guseinov, Gadir"]
[Black "Wojtaszek, Radoslaw"]
[Result "1/2-1/2"]
[WhiteElo "2665"]
[BlackElo "2705"]
[PlyCount "102"]
[EventDate "2021.03.30"]
[EventType "team-tourn"]
[EventCountry "NET"]
[SourceTitle "playchess.com"]
[Source "ChessBase"]
[SourceQuality "1"]

1. e4 c5 2. Nc3 d6 3. Bb5+ Bd7 4. Bxd7+ Qxd7 5. d4 cxd4 6. Qxd4 Nc6 7. Qd3 g6
8. Nf3 Bg7 9. O-O Nf6 10. Nd5 O-O 11. Bg5 Ng4 12. h3 e6 13. hxg4 exd5 14. exd5
Ne5 15. Nxe5 Bxe5 16. c3 Qxg4 17. f4 Bg7 18. Be7 Rfe8 19. Bxd6 Re2 20. Rf2 Rxf2
21. Kxf2 Rd8 22. Be5 Bxe5 23. fxe5 Qf4+ 24. Kg1 Qxe5 25. Rd1 Rd6 26. b3 g5 27.
Qd4 Qe2 28. c4 Rf6 29. Qxf6 Qxd1+ 30. Kf2 Qd2+ 31. Kg3 h5 32. Kh2 h4 33. Qe5 g4
34. Qf5 Qd4 35. Qg5+ Kf8 36. Qd8+ Kg7 37. Qg5+ Kf8 38. Qh6+ Ke8 39. Qxh4 Qe5+
40. Qg3 Qh8+ 41. Kg1 Qa1+ 42. Kh2 Qh8+ 43. Kg1 Qa1+ 44. Kf2 Qxa2+ 45. Kf1 Qb1+
46. Kf2 Qb2+ 47. Kg1 Qc1+ 48. Kh2 Qh6+ 49. Kg1 Qc1+ 50. Kh2 Qh6+ 51. Kg1 Qc1+
1/2-1/2

[Event "EOC-ch-Final 2021"]
[Site "Online"]
[Date "2021.03.30"]
[Round "7.19"]
[White "Navara, David"]
[Black "Abasov, Nijat"]
[Result "0-1"]
[WhiteElo "2697"]
[BlackElo "2664"]
[PlyCount "76"]
[EventDate "2021.03.30"]
[EventType "team-tourn"]
[EventCountry "NET"]
[SourceTitle "playchess.com"]
[Source "ChessBase"]
[SourceQuality "1"]

1. c4 e6 2. Nc3 d5 3. d4 Bb4 4. a3 Bxc3+ 5. bxc3 Nf6 6. e3 O-O 7. cxd5 exd5 8.
Bd3 b6 9. Ne2 Ba6 10. Bxa6 Nxa6 11. Qd3 Qc8 12. O-O c5 13. f3 Re8 14. Ng3 Qb7
15. Ra2 Re6 16. Re2 Rae8 17. Rfe1 h5 18. Nh1 b5 19. Nf2 b4 20. cxb4 cxb4 21.
Qb3 Rb6 22. a4 Nb8 23. a5 Rb5 24. Nd3 Nc6 25. Nc5 Qc7 26. a6 Nd7 27. Qxd5 Nxc5
28. dxc5 Ne5 29. Bb2 Rxc5 30. Qe4 Qc6 31. Qxb4 Rc4 32. Qb3 Ng6 33. Ra1 Nh4 34.
Rd2 Rc8 35. Qb7 Qg6 36. Be5 Rc1+ 37. Rxc1 Rxc1+ 38. Kf2 Qxg2# 0-1

[Event "EOC-ch-Final 2021"]
[Site "Online"]
[Date "2021.03.30"]
[Round "7.20"]
[White "Durarbayli, Vasif"]
[Black "Sasikiran, Krishnan"]
[Result "1-0"]
[WhiteElo "2606"]
[BlackElo "2647"]
[PlyCount "75"]
[EventDate "2021.03.30"]
[EventType "team-tourn"]
[EventCountry "NET"]
[SourceTitle "playchess.com"]
[Source "ChessBase"]
[SourceQuality "1"]

1. e4 c5 2. Nf3 d6 3. d4 cxd4 4. Nxd4 Nf6 5. Nc3 a6 6. g3 e6 7. Bg2 Be7 8. O-O
Qc7 9. Re1 O-O 10. Qe2 Bd7 11. g4 Nc6 12. Nb3 g6 13. Bg5 b5 14. a3 Rfb8 15. h3
Ne8 16. Bxe7 Nxe7 17. Kh1 a5 18. f4 b4 19. axb4 axb4 20. Rxa8 Rxa8 21. Nd1 Bc6
22. Qd2 Rb8 23. Nf2 Ba8 24. Nd3 Qb6 25. f5 d5 26. fxe6 fxe6 27. Ne5 Nf6 28. Rf1
Nxe4 29. Qf4 Qd8 30. Qf7+ Kh8 31. Bxe4 dxe4 32. Qf6+ Kg8 33. Qxe6+ Kg7 34. Qf6+
Kg8 35. Qe6+ Kg7 36. Rf7+ Kh6 37. g5+ Kxg5 38. Qg4+ 1-0

[Event "EOC-ch-Final 2021"]
[Site "Online"]
[Date "2021.03.30"]
[Round "8.1"]
[White "Duda, Jan-Krzysztof"]
[Black "Mamedyarov, Shakhriyar"]
[Result "1-0"]
[WhiteElo "2743"]
[BlackElo "2770"]
[PlyCount "93"]
[EventDate "2021.03.30"]
[EventType "team-tourn"]
[EventCountry "NET"]
[SourceTitle "playchess.com"]
[Source "ChessBase"]
[SourceQuality "1"]

1. e4 c5 2. Nf3 e6 3. d4 cxd4 4. Nxd4 Nf6 5. Nc3 Nc6 6. Ndb5 Bb4 7. a3 Bxc3+ 8.
Nxc3 d5 9. exd5 exd5 10. Bd3 O-O 11. O-O d4 12. Ne2 Bg4 13. Bg5 Re8 14. f3 Bh5
15. Qd2 Bg6 16. Rad1 Rc8 17. Kh1 Qd6 18. Bb5 Bxc2 19. Qxc2 Qe5 20. Bxf6 Qxb5
21. Nc3 Qc5 22. Bxg7 Kxg7 23. Qf2 f5 24. Ne2 Qc2 25. Qg3+ Kh8 26. Nxd4 Nxd4 27.
Rxd4 Qxb2 28. Rd7 Rc1 29. Rdd1 Rxd1 30. Rxd1 Qxa3 31. h3 Qe7 32. Qf4 Qe5 33.
Qh4 b5 34. Qh6 Qe6 35. Qd2 a6 36. Qc3+ Kg8 37. f4 Qc4 38. Qg3+ Kh8 39. Rd7 Rg8
40. Qf2 b4 41. Kh2 Rg7 42. Rd8+ Rg8 43. Rd7 a5 44. Re7 Rg7 45. Re8+ Rg8 46. Re7
Qc6 47. Qd4+ 1-0

[Event "EOC-ch-Final 2021"]
[Site "Online"]
[Date "2021.03.30"]
[Round "8.2"]
[White "Guseinov, Gadir"]
[Black "Moranda, Wojciech"]
[Result "1-0"]
[WhiteElo "2665"]
[BlackElo "2618"]
[PlyCount "97"]
[EventDate "2021.03.30"]
[EventType "team-tourn"]
[EventCountry "NET"]
[SourceTitle "playchess.com"]
[Source "ChessBase"]
[SourceQuality "1"]

1. e4 c5 2. Nc3 e6 3. Nf3 Nc6 4. d4 cxd4 5. Nxd4 Qc7 6. Be3 a6 7. Qd2 Nf6 8. f4
Bb4 9. Bd3 b5 10. a3 Be7 11. e5 Ng4 12. Nxc6 dxc6 13. Ne4 Nxe3 14. Qxe3 Bb7 15.
b4 c5 16. Nxc5 Bxc5 17. Qxc5 Qxc5 18. bxc5 O-O 19. O-O Rfc8 20. Rfb1 Bc6 21. a4
bxa4 22. Rb6 Be8 23. Be4 Ra7 24. c6 Rac7 25. Rxa4 Bxc6 26. Rc4 Be8 27. Rxc7
Rxc7 28. Rxa6 Kf8 29. Kf2 h5 30. Ke3 Ke7 31. Rb6 Bd7 32. Rb7 Rc8 33. Kd4 Ke8
34. c4 g6 35. Ra7 Kd8 36. c5 Be8 37. Bf3 Bd7 38. Ra6 Rb8 39. c6 Bc8 40. Ra7
Rb4+ 41. Kc5 Rxf4 42. c7+ Ke7 43. Bc6 Rf2 44. Ra8 Rc2+ 45. Kb6 Rb2+ 46. Ka7
Ra2+ 47. Kb8 Rxa8+ 48. Bxa8 Bd7 49. Bc6 1-0

[Event "EOC-ch-Final 2021"]
[Site "Online"]
[Date "2021.03.30"]
[Round "8.3"]
[White "Socko, Bartosz"]
[Black "Abasov, Nijat"]
[Result "1-0"]
[WhiteElo "2618"]
[BlackElo "2664"]
[PlyCount "55"]
[EventDate "2021.03.30"]
[EventType "team-tourn"]
[EventCountry "NET"]
[SourceTitle "playchess.com"]
[Source "ChessBase"]
[SourceQuality "1"]

1. d4 Nf6 2. Nf3 e6 3. g3 d5 4. Bg2 Be7 5. O-O O-O 6. c4 dxc4 7. Ne5 c5 8. dxc5
Qc7 9. Nxc4 Rd8 10. Nbd2 Qxc5 11. b3 Nc6 12. Ba3 Qh5 13. Bxc6 Bxa3 14. Bf3 Qc5
15. Qc2 Qe7 16. Nxa3 Qxa3 17. Rfd1 Qe7 18. Nc4 Rxd1+ 19. Rxd1 Ne8 20. Qd3 h6
21. Ne5 Qc7 22. Qd4 Kf8 23. Bh5 g6 24. Qf4 gxh5 25. Rc1 Qxc1+ 26. Qxc1 Kg7 27.
Qc3 Nf6 28. Qc7 1-0

[Event "EOC-ch-Final 2021"]
[Site "Online"]
[Date "2021.03.30"]
[Round "8.4"]
[White "Durarbayli, Vasif"]
[Black "Tomczak, Jacek"]
[Result "1-0"]
[WhiteElo "2606"]
[BlackElo "2610"]
[PlyCount "101"]
[EventDate "2021.03.30"]
[EventType "team-tourn"]
[EventCountry "NET"]
[SourceTitle "playchess.com"]
[Source "ChessBase"]
[SourceQuality "1"]

1. e4 e6 2. d4 d5 3. e5 c5 4. c3 Qb6 5. Nf3 Nc6 6. Be2 cxd4 7. cxd4 Nh6 8. Bxh6
gxh6 9. Qd2 Bd7 10. O-O Rc8 11. Nc3 Na5 12. Rac1 Nc4 13. Bxc4 Rxc4 14. b3 Rc7
15. Qf4 Bc6 16. Ne2 Qa6 17. Ng3 Qd3 18. Nh5 Qg6 19. Nf6+ Kd8 20. a3 Be7 21. b4
Bb5 22. Rxc7 Kxc7 23. Rc1+ Kb8 24. h4 h5 25. Ng5 Bd8 26. Nxd5 Bxg5 27. hxg5
exd5 28. e6+ Ka8 29. exf7 Rf8 30. Rc7 a6 31. Re7 Bc6 32. Kh2 Ka7 33. f3 h4 34.
Kh3 Bb5 35. Kxh4 Qc2 36. Qc7 Qxc7 37. Rxc7 Kb6 38. Re7 Bd3 39. Kh5 Bg6+ 40. Kh6
Rxf7 41. Rxf7 Bxf7 42. Kxh7 a5 43. bxa5+ Kxa5 44. f4 Be6 45. Kg6 Ka4 46. f5 Bg8
47. Kg7 Kxa3 48. Kxg8 b5 49. f6 b4 50. f7 b3 51. f8=Q+ 1-0

[Event "EOC-ch-Final 2021"]
[Site "Online"]
[Date "2021.03.30"]
[Round "8.5"]
[White "Van Foreest, Jorden"]
[Black "Harikrishna, Pentala"]
[Result "1-0"]
[WhiteElo "2671"]
[BlackElo "2732"]
[PlyCount "115"]
[EventDate "2021.03.30"]
[EventType "team-tourn"]
[EventCountry "NET"]
[SourceTitle "playchess.com"]
[Source "ChessBase"]
[SourceQuality "1"]

1. e4 c6 2. d4 d5 3. e5 Bf5 4. g4 Bd7 5. Nc3 e6 6. Be3 Ne7 7. Nf3 h5 8. gxh5
Nf5 9. Bg5 Qb6 10. Na4 Qc7 11. Bd3 Nxd4 12. Nxd4 Qxe5+ 13. Be3 c5 14. Nf3 Qxh5
15. Nxc5 d4 16. Nxd7 dxe3 17. Nxf8 exf2+ 18. Kxf2 Kxf8 19. Be4 Qc5+ 20. Qd4 Nd7
21. Rad1 Rb8 22. b4 Qxd4+ 23. Rxd4 Nf6 24. Rhd1 Ke7 25. Rc4 Rhc8 26. Bd3 Rxc4
27. Bxc4 Rc8 28. Bd3 Nd5 29. a3 Nf4 30. Ke3 Nd5+ 31. Kd2 f5 32. c4 Nf4 33. Ke3
Ng2+ 34. Kf2 Nf4 35. Bf1 Kf6 36. h4 e5 37. Rd6+ Ke7 38. c5 b6 39. Nxe5 bxc5 40.
Ra6 cxb4 41. axb4 Rc2+ 42. Kf3 Nd5 43. Rxa7+ Kf6 44. Nd3 Rc3 45. b5 Rb3 46.
Ra6+ Ke7 47. Rg6 Kf8 48. Rd6 Rxb5 49. Ne5 Rb3+ 50. Bd3 Nf6 51. Kf4 Ke7 52. Ra6
Ng4 53. Ng6+ Kd8 54. Ra8+ Kc7 55. Bxf5 Nf6 56. Nf8 Nd5+ 57. Ke5 Kb7 58. Be4 1-0

[Event "EOC-ch-Final 2021"]
[Site "Online"]
[Date "2021.03.30"]
[Round "8.6"]
[White "Vidit, Santosh Gujrathi"]
[Black "Maghsoodloo, Parham"]
[Result "1-0"]
[WhiteElo "2726"]
[BlackElo "2676"]
[PlyCount "55"]
[EventDate "2021.03.30"]
[EventType "team-tourn"]
[EventCountry "NET"]
[SourceTitle "playchess.com"]
[Source "ChessBase"]
[SourceQuality "1"]

1. d4 e6 2. c4 b6 3. e4 Bb7 4. Bd3 Nc6 5. Ne2 Nb4 6. Nbc3 Nxd3+ 7. Qxd3 Ne7 8.
O-O Nc6 9. Qg3 d6 10. b3 Qd7 11. d5 Ne7 12. a4 g6 13. Bg5 Bg7 14. Rad1 O-O 15.
Qh4 Rae8 16. Bf6 Kh8 17. f4 Ng8 18. Bxg7+ Kxg7 19. Nd4 e5 20. fxe5 Rxe5 21. Rf3
a6 22. Rdf1 Qe7 23. Qxe7 Nxe7 24. Ne6+ Rxe6 25. dxe6 f6 26. Nd5 Bxd5 27. cxd5
c5 28. e5 1-0

[Event "EOC-ch-Final 2021"]
[Site "Online"]
[Date "2021.03.30"]
[Round "8.7"]
[White "Amin, Bassem"]
[Black "Wojtaszek, Radoslaw"]
[Result "1/2-1/2"]
[WhiteElo "2695"]
[BlackElo "2705"]
[PlyCount "85"]
[EventDate "2021.03.30"]
[EventType "team-tourn"]
[EventCountry "NET"]
[SourceTitle "playchess.com"]
[Source "ChessBase"]
[SourceQuality "1"]

1. e4 c5 2. Nf3 d6 3. Bb5+ Nd7 4. O-O a6 5. Bd3 Ngf6 6. Re1 e6 7. c3 Be7 8. Bc2
b5 9. d4 Bb7 10. Nbd2 cxd4 11. cxd4 O-O 12. e5 dxe5 13. dxe5 Nd5 14. Ne4 Nb4
15. Bb1 Nc5 16. Nxc5 Qxd1 17. Rxd1 Bxc5 18. a3 Rfd8 19. Bd2 Nd5 20. Be4 Bb6 21.
Rac1 Rac8 22. Rxc8 Rxc8 23. Rc1 Rxc1+ 24. Bxc1 Bc6 25. Kf1 h6 26. h4 h5 27. Bd3
Kf8 28. Ke2 Ne7 29. g3 Bxf3+ 30. Kxf3 Nc6 31. Bf4 Bd4 32. Be4 Nxe5+ 33. Bxe5
Bxe5 34. b4 Ke7 35. Bc6 Kd6 36. Be8 Ke7 37. Bc6 Bc3 38. Ke3 f6 39. Kd3 Be1 40.
Ke2 Bc3 41. Kd3 Be1 42. Ke2 Bc3 43. Kd3 1/2-1/2

[Event "EOC-ch-Final 2021"]
[Site "Online"]
[Date "2021.03.30"]
[Round "8.8"]
[White "Navara, David"]
[Black "Van Wely, Loek"]
[Result "0-1"]
[WhiteElo "2697"]
[BlackElo "2620"]
[PlyCount "124"]
[EventDate "2021.03.30"]
[EventType "team-tourn"]
[EventCountry "NET"]
[SourceTitle "playchess.com"]
[Source "ChessBase"]
[SourceQuality "1"]

1. e4 c5 2. Nf3 d6 3. Bb5+ Bd7 4. Bxd7+ Qxd7 5. c4 Nf6 6. Nc3 g6 7. d4 cxd4 8.
Nxd4 Bg7 9. f3 Nc6 10. Be3 O-O 11. O-O Rac8 12. b3 a6 13. Qd3 Qc7 14. Nxc6 Qxc6
15. Rac1 e6 16. Rfd1 Rfd8 17. Bd4 b6 18. Qe3 Rb8 19. Qg5 h6 20. Qh4 Nd7 21.
Bxg7 Kxg7 22. Qf2 Ne5 23. Ne2 Qc5 24. Nd4 Rbc8 25. Qb2 Kg8 26. Kh1 g5 27. Ne2
b5 28. cxb5 Qxb5 29. Nc3 Qb6 30. Qe2 Qb4 31. Na4 Rxc1 32. Rxc1 d5 33. exd5 Rxd5
34. h3 Qd2 35. Rc2 Qxe2 36. Rxe2 Rd1+ 37. Kh2 Nd3 38. Nb2 Nxb2 39. Rxb2 Kg7 40.
Rc2 Ra1 41. Kg3 f5 42. Kf2 Kf6 43. Ke3 h5 44. Kd4 Rd1+ 45. Kc5 e5 46. Kb6 Rd6+
47. Kc7 Re6 48. b4 e4 49. fxe4 fxe4 50. a4 e3 51. Re2 Kf5 52. b5 axb5 53. axb5
Ke4 54. b6 Kd3 55. Re1 Kd2 56. Ra1 e2 57. b7 Re7+ 58. Kc6 Rxb7 59. Kxb7 e1=Q
60. Rxe1 Kxe1 61. Kc6 Kf2 62. g4 hxg4 0-1

[Event "EOC-ch-Final 2021"]
[Site "Online"]
[Date "2021.03.30"]
[Round "8.10"]
[White "McShane, Luke J"]
[Black "Paehtz, Elisabeth"]
[Result "1-0"]
[WhiteElo "2674"]
[BlackElo "2467"]
[PlyCount "99"]
[EventDate "2021.03.30"]
[EventType "team-tourn"]
[EventCountry "NET"]
[SourceTitle "playchess.com"]
[Source "ChessBase"]
[SourceQuality "1"]

1. e4 c5 2. Nf3 d6 3. Bb5+ Nd7 4. d4 Ngf6 5. Nc3 cxd4 6. Qxd4 a6 7. Bxd7+ Nxd7
8. Bg5 f6 9. Be3 e6 10. O-O-O Qc7 11. Qd2 Ne5 12. Nxe5 dxe5 13. Na4 b5 14. Nb6
Rb8 15. Nxc8 Rxc8 16. f3 Bb4 17. Qf2 Ke7 18. Rd3 Qc4 19. Kb1 Rhd8 20. Rhd1 Rxd3
21. Rxd3 Rd8 22. b3 Qc6 23. Qe2 Rxd3 24. Qxd3 Bc3 25. a3 a5 26. Kc1 Ke8 27. g4
Ke7 28. h4 Ke8 29. h5 Ke7 30. Kb1 Ke8 31. h6 g5 32. a4 bxa4 33. bxa4 Bb4 34.
Qb5 Kd7 35. c4 Kc7 36. Kc2 Qd6 37. c5 Qc6 38. Kd3 Qd7+ 39. Kc4 Qd1 40. Qb6+ Kd7
41. Qb7+ Ke8 42. Kb5 Qd3+ 43. Kc6 Qxe3 44. Qd7+ Kf8 45. Qg7+ Ke8 46. Qg8+ Ke7
47. Qxh7+ Ke8 48. Qd7+ Kf8 49. h7 Qxc5+ 50. Kb7 1-0